| 000 | 00419nam a2200145Ia 4500 | ||
|---|---|---|---|
| 005 | 20250508053647.0 | ||
| 008 | 240331s9999 xx 000 0 und d | ||
| 082 |
_bKAM _a891 |
||
| 100 | _aKamalakanthan, M | ||
| 245 | 0 | _aMalaiakap parisuk kathaigal | |
| 260 |
_aColombo _bKalai oli Muthiah pillai Memorial Committee _c1994 |
||
| 300 | _a119 p ., | ||
| 500 | _aCollection of Sri Lankan Upcountry Shor Stories | ||
| 942 | _cL | ||
| 999 |
_c4369 _d4369 |
||